000 00384nam a22001457a 4500
003 LK-CoDNM
005 20240813111657.0
008 240813b |||||||| |||| 00| 0 eng d
040 _aLK-CoDNM
_dLK-CoDNM
_eLK-CoDNM
080 _a10
_bR17
100 _aSORABJEE COWASJEE
245 _aCOWASJEE PATELL'S CHRONOLOGY
260 _aLONDON
_bTRUBNER AND CO PATERNOSTER ROW
942 _cBK
999 _c147341
_d147341